Putting innovation to work (Record no. 84630)

MARC details
000 -LEADER
fixed length control field 01241cad a22002415a 4500
001 - CONTROL NUMBER
control field L158593
008 - FIXED-LENGTH DATA ELEMENTS--GENERAL INFORMATION
fixed length control field 121219e2015 xxk 000 0 eng d
035 ## - SYSTEM CONTROL NUMBER
System control number (Sirsi) u158593
041 0# - LANGUAGE CODE
Language code of text/sound track or separate title eng
100 1# - MAIN ENTRY--PERSONAL NAME
Personal name Ripper, M.
245 00 - TITLE STATEMENT
Title Putting innovation to work
Medium [electronic resource]
260 ## - PUBLICATION, DISTRIBUTION, ETC.
Date of publication, distribution, etc. 2015
490 ## - SERIES STATEMENT
Series statement RICS Property Journal
Volume/sequential designation May-June 2015, 26-28(3)
520 ## - SUMMARY, ETC.
Summary, etc. Summarises research on what makes innovative facilities management and how to ensure that fresh thinking is put into practice.
520 ## - SUMMARY, ETC.
Summary, etc. Related documents: RICS Strategic facilities management case studies (L158280, L158277), Rising the Bar: Enhancing the strategic role of facilities management (L158285) and Rising the Bar: City roundtables report (L158282). http://www.rics.org/uk/knowledge/research/research-reports/raising-the-bar-enhancing-the-strategic-role-of-facilities-management/
650 24 - SUBJECT ADDED ENTRY--TOPICAL TERM
Topical term or geographic name entry element Strategic Facilities Management
651 #4 - SUBJECT ADDED ENTRY--GEOGRAPHIC NAME
Geographic name United Kingdom
Chronological subdivision
690 ## - LOCAL SUBJECT ADDED ENTRY--TOPICAL TERM (OCLC, RLIN)
Topical term or geographic name as entry element Facilities management
9 (RLIN) 6240
700 1# - ADDED ENTRY--PERSONAL NAME
Personal name Halkyard, Graham
710 ## - ADDED ENTRY--CORPORATE NAME
Corporate name or jurisdiction name as entry element Royal Institution of Chartered Surveyors
9 (RLIN) 4900
856 40 - ELECTRONIC LOCATION AND ACCESS
Uniform Resource Identifier <a href="https://www.rics.org/uk/news/journals/property-journal">https://www.rics.org/uk/news/journals/property-journal</a>
Public note View the journal free of charge at www.rics.org/journals...
942 ## - ADDED ENTRY ELEMENTS (KOHA)
Suppress in OPAC 0
Holdings
Withdrawn status Lost status Source of classification or shelving scheme Damaged status Not for loan Home library Current library Shelving location Date acquired Total Checkouts Full call number Barcode Date last seen Copy number Price effective from Koha item type
    Dewey Decimal Classification     London London Journal article 08/05/2015   L158593 158593-1001 06/08/2019 1 06/08/2019 Journal article